Loading...
| Fine Arts - Classical Music | 4 | 15.00 | 100% | 50% | 0% |
| Fine Arts - Other Fine Arts | 3 | 10.00 | 100% | 0% | 0% |
| Fine Arts - Visual Fine Arts | 5 | 8.00 | 80% | 0% | 0% |
| Geography/Current Events | 1 | 20.00 | 100% | 100% | 0% |
| History - American History | 5 | 6.00 | 60% | 0% | 0% |
| History - European History | 2 | 10.00 | 100% | 0% | 0% |
| History - Other History | 3 | 10.00 | 100% | 0% | 0% |
| History - World History | 2 | 5.00 | 50% | 0% | 0% |
| Literature - American Literature | 6 | 11.67 | 100% | 17% | 0% |
| Literature - British Literature | 5 | 12.00 | 100% | 20% | 0% |
| Literature - European Literature | 2 | 15.00 | 50% | 100% | 0% |
| Literature - World/Other Literature | 5 | 12.00 | 100% | 20% | 0% |
| Mythology | 3 | 16.67 | 100% | 33% | 33% |
| Other Academic | 1 | 10.00 | 100% | 0% | 0% |
| Philosophy | 4 | 10.00 | 100% | 0% | 0% |
| Religion | 7 | 7.14 | 71% | 0% | 0% |
| Science - Biology | 3 | 10.00 | 100% | 0% | 0% |
| Science - Chemistry | 3 | 6.67 | 67% | 0% | 0% |
| Science - Other Science | 4 | 10.00 | 100% | 0% | 0% |
| Science - Physics | 3 | 10.00 | 100% | 0% | 0% |
| Social Science | 4 | 12.50 | 100% | 0% | 25% |